Sanat - "Ihmisten edessä" - Jenni Vartiainen - Statistics

Yleistilastot
  • Tätä visaa on pelattu 1 115 kertaa
  • Keskiarvotulos 101 / 132
Vastaustilastot
Sanat % Oikein
me
96%
Ihmisten
94%
edessä
93%
sinä
92%
ei
91%
Ne
90%
ne
90%
tiedä
89%
mitään
88%
Älä
86%
ollaan
86%
Sillä
86%
välitä
86%
yhdessä
86%
kuulu
85%
kädessä
84%
Käsi
84%
katseista
84%
muiden
84%
tähän
84%
tarinaan
84%
harvoille
82%
kävellään
82%
Joka
81%
joka
81%
luetaan
81%
tämä
81%
Tämä
81%
meistä
80%
ilta
79%
olet
76%
Olet
76%
koroissa
72%
koroissa)
72%
kaunis
71%
korkeissa
71%
kuin
70%
niin
70%
aina
69%
Sinun
69%
(sinun
69%
anteeksi
66%
antaa,
65%
en
65%
Kadut
65%
kello
65%
täyttyy
65%
ihmisistä
64%
ja
64%
(ja
64%
minulle
64%
vahvempi
64%
pelkää
63%
asemalla
62%
Kanssasi
62%
mua
59%
Juoksen
58%
kaupungin
58%
ehkä
57%
Ootat
57%
pimeää
57%
loppumatkan,
56%
katoaa
53%
katoaa)
53%
kiinni
53%
meidän
53%
pelkoni
52%
äänistä
51%
huutaa
51%
kovempaa
51%
perään
51%
Joku
50%
pidät
49%
Ihmisjoukon
47%
kohdalla
47%
Sanot
38%
Ehtoja vastaavia visoja ei löytynyt
Tulosjakauma
Jokaisen tuloksen saaneiden osuus
Persentiili vastausten määrän mukaan
Tuloshistoriasi
Et ole pelannut tätä visaa